(OUTDATED) Valorant Metas - Statistics

General Stats
  • This quiz has been taken 963 times
    888 since last reset
  • The average score is 9 of 13
Answer Stats
Hint Agent/Gun % Correct
In 2021, if you wanted to play the OP, you NEEDED to play this agent Jett
86%
A lof of time ago, this gun was both a shotgun and a sniper Bucky
78%
This agent dominated the entirety of the 2022 meta Chamber
78%
This gun being 50 credits cheaper meant there was only one acceptable pistol round buy Frenzy
77%
Don't you dare let go of W while using this gun! Stinger
71%
Wanna take a fair 1v1? Too bad! Iso
69%
Two signature abilities and their increased damage made this agent the most broken during the beta Raze
67%
An unlimited arsenal of avian creatures meant your retinas where never safe Skye
67%
This gun was incredibly broken for just a couple of days Ares
63%
One more signature ability and decreased cooldowns made it so that this agent replaced Omen Astra
63%
This agent has been nerfed multiple times throughout the years, yet is still always in the top 5 most picked agents Viper
54%
Together with Viper, this agent made an unbeatable comp Harbor
51%
Back when being a cheapskate gave you a shotgun Classic
32%
No matching quizzes found
Score Distribution
Percent of People with Each Score
Percentile by Number Answered
Your Score History
You have not taken this quiz since the last reset